000 00624cam a2200217 4500500
005 20260329003725.0
041 _afre
042 _adc
100 1 0 _aManiglier, Patrice
_eauthor
245 0 0 _aLévi-Strauss et la barbarie
260 _c2016.
500 _a70
690 _aAnthropologie
690 _aBarbarie
690 _aClaude Lévi-Strauss
690 _aHistoire
690 _aRace
690 _aSauvage
786 0 _nPhilosophie magazine | 103 | 10 | 2016-10-01 | p. 47-47 | 1951-1787
856 4 1 _uhttps://shs.cairn.info/magazine-philosophie-magazine-2016-10-page-47?lang=fr&redirect-ssocas=7080
999 _c1827067
_d1827067